000 00543nam a2200205Ia 4500
005 20240510100108.0
008 131103s9999 xx 000 0 und d
020 _a195641264
_cRs.75
040 _aLoreto College
041 _aEnglish
082 _a428
_bHOW
100 _aHowe, D.H.
245 _aAdvance with english
_b course book 2
_cD.H. Howe and other
260 _aNew Delhi
_bOxford university press
_c2002
300 _a167p.
_b pic.
650 _aEnglish reader
651 _aEnglish language
850 _aLCBED
942 _cBK
999 _c30007
_d80486